Loreto College Library, Kolkata
WEBOPAC (ONLINE PUBLIC ACCESS CATALOGUE)

A bibliography of reception (Record no. 42520)

MARC details
000 -LEADER
fixed length control field 00523nam a22001817a 4500
005 - DATE AND TIME OF LATEST TRANSACTION
control field 20191210152246.0
008 - FIXED-LENGTH DATA ELEMENTS--GENERAL INFORMATION
fixed length control field 191210b xxu||||| |||| 00| 0 eng d
040 ## - CATALOGING SOURCE
Language of cataloging eng
041 ## - LANGUAGE CODE
Language code English
082 ## - DDC | ডিউই
Classification number | বর্গসংখ্যা 891.44
Book Number | গ্রন্থাঙ্ক CHA
100 ## - MAIN ENTRY--PERSONAL NAME | মুখ্য সংলেখ - ব্যাক্তিনাম
Personal name | ব্যাক্তিনাম Chakraborty Dasgupta, Subha
245 ## - TITLE STATEMENT | অাখ্যা বিবরণী
Title | অাখ্যা A bibliography of reception
Sub title | উপঅাখ্যা World literature in Bengali periodicals (1890-1900)
Statement of responsibility | লেখকের দায়িত্বের বিবরণ Subha Chakraborty Dasgupta
260 ## - IMPRINT | প্রকাশনা ক্ষেত্র
Place of publication | প্রকাশ স্থান Kolkata
Name of publisher | প্রকাশকের নাম Jadavpur University
300 ## - PHYSICAL DESCRIPTION |
Page / Vol. No | পৃষ্ঠা / খন্ড সংখ্যা 159p
Other physical details | অনান্য বাহ্যিক বিবরণ 21.5 cm
650 ## - SUBJECT ADDED ENTRY--TOPICAL TERM | বিষয় শিরোনাম - মূল বিষয়
Topical term | মূল বিষয় Bibliography
850 ## - HOLDING INSTITUTION
Holding institution LCLIB
942 ## - ADDED ENTRY ELEMENTS (KOHA)
Koha item type Books
Holdings
Withdrawn status Lost status Source of classification Damaged status Not for loan Home library Current library Date acquired Total Checkouts Full call number Accession No. Date last seen Price effective from Koha item type
    Dewey Decimal Classification     Loreto College Loreto College 10/12/2019   891.44 CHA 53386 46545 10/12/2019 10/12/2019 Books